000 00472nam a2200181Ia 4500
003 GCL
008 140319s9999 xx 000 0 eng d
040 _aGCL /
_cGCL
082 0 4 _a909.82
_bD C
100 1 _aDUNBABIN, J.P.D.
245 1 0 _aTHE COLD WAR: THE GREAT POWERS AND THEIR ALLIES /
_cDUNBABIN, J.P.D.
260 _a[S.N] :
_bLONGMAN ،
_c1994
300 _a513 P
650 0 4 _aWORLD POLITICS
650 0 4 _aCOLD WAR
650 0 4 _aGREAT POWER
942 _2ddc
_cBK
999 _c24616
_d24616